Missing Word: Films Shot in Hawaii Quiz Stats

 Plays Quiz Updated Sep 29, 2016

Challenge
Share
Tweet
Embed
Score 0/16 Timer 04:00
0 Plays Today
Title Missing Word % Correct
Girls! ____! Girls!Girls
98.9%
Jurassic ____Park
98.2%
____ of the Lost ArkRaiders
96.1%
____ HarborPearl
96.1%
50 First ____Dates
95.1%
Pirates of the Caribbean: At World's ____End
94%
Forgetting ____ MarshallSarah
92.8%
From Here to ____Eternity
90.6%
Title Missing Word % Correct
Mighty ____ YoungJoe
85.7%
Punch-Drunk ____Love
81.9%
____ ThunderTropic
79.4%
Journey 2: The Mysterious ____Island
50.3%
Blue ____Crush
40.4%
Soul ____Surfer
33.1%
Lt. Robin ____, U.S.N.Crusoe
29.2%
Flight of the ____Intruder
24.6%

Today's Daily Dose

You're not logged in!

Compare scores with friends on all Sporcle quizzes.
Join for Free
OR
Log In

You Might Also Like...

Show Comments

Extras

Top Quizzes Today


Score Distribution

Your Account Isn't Verified!

In order to create a playlist on Sporcle, you need to verify the email address you used during registration. Go to your Sporcle Settings to finish the process.

Report this User

Report this user for behavior that violates our Community Guidelines.

Details: